• 首页
  • 本馆介绍
  • 公告通知
  • 最新文献
  • 馆藏检索
  • 电子资源
  • 读者导购
  • 参考咨询
  • 我的图书馆
  • 登录
  • 详细信息显示
  • 放入我的书架
  • 预约/预借图书
  • 作者相关作品
  • 分类相关作品
  • 丛书相关作品
  • 出版社相关作品

书目信息

  • 表格格式
  • 工作单格式
  • 卡片格式
题名:
互联网消费信贷
    
 
作者: 王晋之 著
分册:  
出版信息: 北京   经济管理出版社  2019
页数: 194页
开本: 24cm
丛书名: 中国社会科学博士后文库
单 册:
中图分类: F830.589-39 , F830.5
科图分类:
主题词: 互联网络--hu lian wang luo--应用--消费贷款--研究
电子资源:
ISBN: 978-7-5096-6153-6
000 01651nam 2200301 450
001 2356085047
005 20231224143435.23
010    @a978-7-5096-6153-6@dCNY98.00
100    @a20190514d2019 em y0chiy50 ea
101 0  @achi
102    @aCN@b110000
105    @aak a 001yy
200 1  @a互联网消费信贷@Ahu lian wang xiao fei xin dai@e模式、风险与证券化@d= Internet consumer credit@emodel, risk and securitization@f王晋之著@zeng
210    @a北京@c经济管理出版社@d2019
215    @a194页@c图@d24cm
225 2  @a中国社会科学博士后文库@Azhong guo she hui ke xue bo shi hou wen ku
300    @a中国社会科学院创新工程学术出版资助项目 全国博士后管理委员会资助项目
314    @a王晋之, 工商管理学博士, 金融学博士后, 现为万和证券股份有限公司执行董事, 主要研究和从事领域为资产证券化、风险控制、国企改革等。
320    @a有书目 (第169-175页) 和索引
330    @a本书以互联网消费信贷的模式、风险及证券化为主线, 按照“模式和现状- 风险分析及应对- 互联网消费信贷证券化及风险分析- 案例分析”依次展开。通过理论研究和案例分析相结合的方式, 从金融中介理论、影子银行、普惠金融等方面研究了互联网消费信贷的本质。根据“小额、分散、量大”的大数法则、“流量覆盖风险”等理论分析了风险控制模式, 并选用两个互联网消费信贷及其证券化的案例进行了分析。最后, 对互联网消费信贷及其证券化的发展进行展望并提出了一些政策建议。
410  0 @12001 @a中国社会科学博士后文库
510 1  @aInternet consumer credit@emodel, risk and securitization@zeng
606 0  @a互联网络@Ahu lian wang luo@x应用@x消费贷款@x研究
690    @aF830.589-39@v5
690    @aF830.5@v4
701  0 @a王晋之@Awang jin zhi@4著
801  0 @aCN@b湖北三新@c20190514
905    @aZUCC@dF830.5@e21
    
    互联网消费信贷:模式、风险与证券化= Internet consumer credit:model, risk and securitization/王晋之著.-北京:经济管理出版社,2019
    194页:图;24cm.-(中国社会科学博士后文库)
    中国社会科学院创新工程学术出版资助项目 全国博士后管理委员会资助项目
    
    ISBN 978-7-5096-6153-6:CNY98.00
    本书以互联网消费信贷的模式、风险及证券化为主线, 按照“模式和现状- 风险分析及应对- 互联网消费信贷证券化及风险分析- 案例分析”依次展开。通过理论研究和案例分析相结合的方式, 从金融中介理论、影子银行、普惠金融等方面研究了互联网消费信贷的本质。根据“小额、分散、量大”的大数法则、“流量覆盖风险”等理论分析了风险控制模式, 并选用两个互联网消费信贷及其证券化的案例进行了分析。最后, 对互联网消费信贷及其证券化的发展进行展望并提出了一些政策建议。
●
相关链接 在五车中查询图书 在当当中查询图书 在豆瓣中查询图书


正题名:互联网消费信贷     索取号:F830.5/21         预约/预借

序号 登录号 条形码 馆藏地/架位号 状态 备注
1 2001366698   2001366698   617书库/ [索取号:F830.5/21] 在馆    
2 2001366699   2001366699   617书库/ [索取号:F830.5/21] 在馆    
3 2001366700   2001366700   617书库/ [索取号:F830.5/21] 在馆    
4 2001366779   2001366779   315书库/ [索取号:F830.5/21] 在馆    
5 2001366780   2001366780   315书库/ [索取号:F830.5/21] 在馆    
6 2001424513   2001424513   209书库/ [索取号:F830.5/21] 在馆    
7 2001424514   2001424514   209书库/ [索取号:F830.5/21] 在馆    
8 2001424515   2001424515   209书库/ [索取号:F830.5/21] 在馆    
9 2001424516   2001424516   209书库/ [索取号:F830.5/21] 在馆    
10 2001424517   2001424517   209书库/ [索取号:F830.5/21] 在馆    
11 2001424518   2001424518   209书库/ [索取号:F830.5/21] 在馆    
12 2001424519   2001424519   209书库/ [索取号:F830.5/21] 在馆    
13 2001424520   2001424520   209书库/ [索取号:F830.5/21] 在馆    
14 2001424521   2001424521   209书库/ [索取号:F830.5/21] 在馆    
15 2001424522   2001424522   209书库/ [索取号:F830.5/21] 在馆    
16 2001424523   2001424523   209书库/ [索取号:F830.5/21] 在馆    
17 2001424524   2001424524   209书库/ [索取号:F830.5/21] 在馆    
18 2001424525   2001424525   209书库/ [索取号:F830.5/21] 在馆    
19 2001424526   2001424526   209书库/ [索取号:F830.5/21] 在馆    
20 2001424527   2001424527   209书库/ [索取号:F830.5/21] 在馆    
21 2001424528   2001424528   209书库/ [索取号:F830.5/21] 在馆    
22 2001424529   2001424529   209书库/ [索取号:F830.5/21] 在馆    
23 2001424530   2001424530   209书库/ [索取号:F830.5/21] 在馆    
24 2001424531   2001424531   209书库/ [索取号:F830.5/21] 在馆    
25 2001424532   2001424532   209书库/ [索取号:F830.5/21] 在馆    
26 2001424533   2001424533   209书库/ [索取号:F830.5/21] 在馆    
27 2001424534   2001424534   209书库/ [索取号:F830.5/21] 在馆    
28 2001424535   2001424535   209书库/ [索取号:F830.5/21] 在馆    
29 2001424536   2001424536   209书库/ [索取号:F830.5/21] 在馆    
30 2001424537   2001424537   209书库/ [索取号:F830.5/21] 在馆    
山东省滨州职业学院图书馆 欢迎您!
大连网信软件有限公司© 版权所有